|
|
|
|
| LEADER |
01522nam a2200433 i 4500 |
| 001 |
001552621 |
| 003 |
CZ BrMZK |
| 005 |
20161202091511.0 |
| 007 |
ta |
| 008 |
161115s2008 xxka g 000 j eng |
| 020 |
|
|
|a 978-1-4058-7671-1
|q (brožováno)
|
| 040 |
|
|
|a BOA001
|b cze
|e rda
|
| 072 |
|
7 |
|a 811.111
|x Angličtina
|2 Konspekt
|9 11
|
| 072 |
|
7 |
|a 821.111-3
|x Anglická próza, anglicky psaná
|2 Konspekt
|9 25
|
| 080 |
|
|
|a 821.111-32
|2 MRF
|
| 080 |
|
|
|a 811.111
|2 MRF
|
| 080 |
|
|
|a 028.4-028.31/.32
|2 MRF
|
| 080 |
|
|
|a (0:82-32)
|2 MRF
|
| 080 |
|
|
|a (07.062)81
|2 MRF
|
| 100 |
1 |
|
|a Escott, John
|7 xx0015806
|4 aut
|
| 245 |
1 |
0 |
|a Lucky break /
|c John Escott
|
| 250 |
|
|
|a This edition first published
|
| 264 |
|
1 |
|a Harlow :
|b Pearson Education,
|c 2008
|
| 300 |
|
|
|a 16 stran :
|b ilustrace (převážně barevné) ;
|c 20 cm
|
| 336 |
|
|
|a text
|b txt
|2 rdacontent
|
| 337 |
|
|
|a bez média
|b n
|2 rdamedia
|
| 338 |
|
|
|a svazek
|b nc
|2 rdacarrier
|
| 490 |
1 |
|
|a Pearson English readers ;
|v easystarts
|
| 500 |
|
|
|a Název z obálky
|
| 650 |
0 |
7 |
|a angličtina
|7 ph114056
|2 czenas
|
| 650 |
0 |
7 |
|a zjednodušená četba
|7 ph656682
|2 czenas
|
| 653 |
0 |
|
|a jazyková úroveň A1
|
| 655 |
|
7 |
|a anglické příběhy
|7 fd131813
|2 czenas
|
| 655 |
|
7 |
|a jazykové učebnice, texty, příručky (A)
|7 fd600889
|2 czenas
|
| 830 |
|
0 |
|a Pearson English readers
|
| 910 |
|
|
|a BOA001
|b 1-1376.858
|
| 990 |
|
|
|a BK
|
| 991 |
|
|
|b 201612
|c NOV
|x 99
|
| 996 |
7 |
|
|b 2610688360
|c 1-1376.858
|l Anglická knihovna/2.patro
|r ZHR
|n 18
|p kupz
|h SR-F
|w 001588145
|u 000010
|a 0
|e BOA001
|j MZK50
|s A
|